The Cashew (Record no. 48291)

MARC details
000 -LEADER
fixed length control field 00350nam a22001577a 4500
003 - CONTROL NUMBER IDENTIFIER
control field OSt
008 - FIXED-LENGTH DATA ELEMENTS--GENERAL INFORMATION
fixed length control field 250701b |||||||| |||| 00| 0 eng d
020 ## - INTERNATIONAL STANDARD BOOK NUMBER
International Standard Book Number 9788171641741
082 ## - DEWEY DECIMAL CLASSIFICATION NUMBER
Classification number 634.573
Item number S24C
100 ## - MAIN ENTRY--PERSONAL NAME
Personal name P L Saroj
245 ## - TITLE STATEMENT
Title The Cashew
260 ## - PUBLICATION, DISTRIBUTION, ETC. (IMPRINT)
Place of publication, distribution, etc New Delhi
Name of publisher, distributor, etc ICAR
Date of publication, distribution, etc 2017
300 ## - PHYSICAL DESCRIPTION
Extent v,312p
700 ## - ADDED ENTRY--PERSONAL NAME
Personal name K R M Swamy
942 ## - ADDED ENTRY ELEMENTS (KOHA)
Source of classification or shelving scheme
Koha item type Books
Holdings
Withdrawn status Lost status Source of classification or shelving scheme Damaged status Not for loan Home library Current library Date acquired Source of acquisition Total Checkouts Full call number Barcode Date last seen Bill Date Koha item type
          Dr. Rajendra Prasad Central Agricultural University Pusa, Dr. Rajendra Prasad Central Agricultural University Pusa, 01/07/2025 ICAR, New Delhi   634.573 S24C 84150 01/07/2025 01/07/2025 Books
          Dr. Rajendra Prasad Central Agricultural University Pusa, Dr. Rajendra Prasad Central Agricultural University Pusa, 01/07/2025 ICAR, New Delhi   634.573 S24C 84151 01/07/2025 01/07/2025 Books
Hosted, Implemented, Customized & Maintained by: BestBookBuddies

Powered by Koha